| 000 | 00762nam a2200193 a 4500 | ||
|---|---|---|---|
| 005 | 20210223122530.0 | ||
| 008 | 991125s1984 mx 000 0 spa u | ||
| 035 | _aUPN01000037405 | ||
| 049 | _aSEP | ||
| 050 | 4 | _aHF5694 M47 | |
| 245 | 0 | 0 |
_aMatemáticas II : _bsocial-administrativa : texto de autoestudio _btexto de autoestudio / _cDirección General de Educación Tecnológica Industrial ; colab. Juan José Palacios Ochoa |
| 260 |
_aMéxico : _bSEP, Dirección General de Educación Tecnológica Industrial, _c1984 |
||
| 300 | _a246 p. | ||
| 650 | 4 |
_aMATEMATICAS COMERCIALES _925657 |
|
| 700 | 2 |
_aPalacios Ochoa, Juan José, _ecolab. |
|
| 710 | 1 |
_aMéxico. _bDirección General de Educación Tecnológica Industrial |
|
| 904 |
_aAC _b037406 |
||
| 905 | _aLibro | ||
| 999 |
_c37405 _d37405 |
||